History Quiz

Random History or Popular Quiz

The 3rd Thing You Need to Know: '90s Fads Quiz Stats

 Plays Quiz Updated Aug 8, 2018

Score 0/20 Timer 04:00
4 Plays Today
% Correct
Fanny pack
91.6%
Thighmaster
91.2%
Scrunchie
89.9%
Magic Eye
88.5%
Dunk-a-Roos
87.5%
Platform shoe
86.7%
Macarena
85.5%
Sky Dancers
84.4%
Scatman John
79.2%
Doc Martens
78.7%
% Correct
Game Boy
68.8%
Do the Bartman
67.6%
Napster
66%
Crystal Pepsi
64.1%
FUBU
63.9%
Bop It
61%
Super Soaker
57.1%
JNCO
52.4%
Tamagotchi
44.4%
Zubaz
41.8%

You're not logged in!

Compare scores with friends on all Sporcle quizzes.
Join for Free
OR
Log In

You Might Also Like...

Show Comments

Extras

Top Quizzes Today


Score Distribution

Your Account Isn't Verified!

In order to create a playlist on Sporcle, you need to verify the email address you used during registration. Go to your Sporcle Settings to finish the process.

Report this User

Report this user for behavior that violates our Community Guidelines.

Details: